Which House of Hogwarts? (Harry Potter) - Statistics

General Stats
  • This quiz has been taken 577 times
    552 since last reset
  • The average score is 13 of 16
Answer Stats
Question Answer % Correct
Harry Potter Gryffindor
100%
Hermione Granger Gryffindor
99%
Neville Longbottom Gryffindor
99%
Draco Malfoy Slytherin
99%
Vincent Crabbe Slytherin
99%
Cedric Diggory Hufflepuff
97%
Cho Chang Ravenclaw
97%
Gregory Goyle Slytherin
96%
Pansy Parkinson Slytherin
87%
Colin Creevey Gryffindor
86%
Lee Jordan Gryffindor
82%
Ernie Macmillian Hufflepuff
76%
Roger Davies Ravenclaw
59%
Padma Patil Ravenclaw
58%
Zacharias Smith Hufflepuff
57%
Michael Corner Ravenclaw
51%
No matching quizzes found
Score Distribution
Percent of People with Each Score
Percentile by Number Answered
Your Score History
You have not taken this quiz since the last reset